| 000 | 00415cam a2200145 4500500 | ||
|---|---|---|---|
| 005 | 20260405000737.0 | ||
| 041 | _afre | ||
| 042 | _adc | ||
| 100 | 1 | 0 |
_aMambrino, Jean _eauthor |
| 245 | 0 | 0 | _aDrama |
| 260 | _c2002. | ||
| 500 | _a16 | ||
| 786 | 0 | _nÉtudes | Volume 396 | 1 | 2002-01-01 | p. 105-109 | 0014-1941 | |
| 856 | 4 | 1 | _uhttps://shs.cairn.info/journal-etudes-2002-1-page-105?lang=en&redirect-ssocas=7080 |
| 999 |
_c2040374 _d2040374 |
||